Close encounters of the quadruped kind: Towards a duty based approach to human-animal conflict resolution in India (Record no. 524442)

000 -LEADER
fixed length control field 00496nam a22001337a 4500
008 - FIXED-LENGTH DATA ELEMENTS--GENERAL INFORMATION
fixed length control field 231117b ||||| |||| 00| 0 eng d
100 ## - MAIN ENTRY--PERSONAL NAME
Personal name Jayasankaran, Nambiar A.K.
245 ## - TITLE STATEMENT
Title Close encounters of the quadruped kind: Towards a duty based approach to human-animal conflict resolution in India
260 ## - PUBLICATION, DISTRIBUTION, ETC. (IMPRINT)
Place of publication, distribution, etc Journal of the Indian Law Institute
300 ## - PHYSICAL DESCRIPTION
Extent 64(4), Oct-Dec, 2022: p.429-440
773 ## - HOST ITEM ENTRY
Main entry heading Journal of the Indian Law Institute
906 ## - LOCAL DATA ELEMENT F, LDF (RLIN)
Subject DIP ENVIRONMENT
942 ## - ADDED ENTRY ELEMENTS (KOHA)
Item type Articles
Holdings
Withdrawn status Lost status Source of classification or shelving scheme Damaged status Not for loan Permanent location Current location Date acquired Serial Enumeration / chronology Barcode Date last seen Koha item type
          Indian Institute of Public Administration Indian Institute of Public Administration 2023-11-17 64(4), Oct-Dec, 2022: p.429-440 AR130322 2023-11-17 Articles

Powered by Koha